00565nam a22001697a 450000500170000001000150001702000260003203500140005803700090007208200080008124500910008926000390018027000770021930000300029650000540032670000150038020250430113947.0 aENG-144731 a9788197146985c275.00 aen-128263 bDBAD a000 aChronicle General Studies:bIAS Mains Q&A Paper I to IV 2019-2023cEdited by N.N. Ojha aNoidabChronicle Publicationc2024 aA-27D, Sector 16bNoidae201301k0120-2514610/12minfo@chronicleindia.in aVarious pages.c28cm(pbk) aUPSC Civil Services Topic-Wise PYQ Solved Papers aOjha, N.N.